Organization and management in schools : perspectives for practising teachers /

Bibliographic Details
Main Author: Paisey, Alan
Format: Book
Language:English
Published: London ; New York : Longman, 1981.
Subjects:

MARC

Tag First Indicator Second Indicator Subfields
LEADER 00000pam a2200000 a 4500
001 in00000075210
005 20151008060353.0
008 810107s1981 enka b 00110 engm
010 |a  80041165  
015 |a GB81 
020 |a 0582497094 
035 |a (OCoLC)07196966 
035 |9 AAJ5615AM 
039 0 |a 2  |b 3  |c 3  |d 3  |e 3 
040 |a DLC  |c DLC  |d m.c.  |d TXA  |d UtOrBLW 
043 |a e-uk--- 
049 |a TXAM  |c [1442761] 
050 0 0 |a LB2901  |b .P27 
082 0 |a 371.2/00941  |2 19 
100 1 |a Paisey, Alan. 
245 1 0 |a Organization and management in schools :  |b perspectives for practising teachers /  |c Alan Paisey. 
264 1 |a London ;  |a New York :  |b Longman,  |c 1981. 
300 |a 149 pages :  |b illustrations ;  |c 22 cm. 
336 |a text  |b txt  |2 rdacontent 
337 |a unmediated  |b n  |2 rdamedia 
338 |a volume  |b nc  |2 rdacarrier 
500 |a Includes index. 
504 |a Bibliography: pages [135]-145. 
650 0 |a School management and organization  |z Great Britain. 
999 |a MARS 
999 f f |s 2d73bbf6-c131-381b-b47d-cef7d5420105  |i 7d4246dc-aa2f-3a56-9045-7025a9bbd4ea  |t 0 
952 f f |p ric  |a Texas A&M University  |b Rellis Campus  |c Joint Library Facility  |d Remote Storage  |t 0  |e LB2901 .P27  |h Library of Congress classification  |i unmediated -- volume  |m A14806162548 
998 f f |a LB2901 .P27  |t 0  |l Remote Storage